000 00699nam a2200241Ia 4500
005 20260121112620.0
008 7409 260114s9999 xx 000 0 eng d
020 _a9789812708809
037 _aEBOOK
040 _aCRL
_beng
_cCRL
041 _aeng
_2eng
084 _qCRL
100 _aLim William S W
_9960441
245 0 _aAsian Alterity: with Special Reference to Architecture and Urbanism Through the Lens of Cultural Studies
260 _bWorld Scientific
260 _bWSPC
260 _c2007
650 _aAsian Studies
_9960442
856 _uhttps://www.worldscientific.com/worldscibooks/10.1142/6486#t=toc
942 _cEBOOK
999 _c1544709
_d1544709